Bibliographia Mendeliana Supplementum 1970-1974

Bibliographic Details
Main Author: Jakubíček, Milan (Author)
Format: Book
Language:Undetermined
PhysicalDescription:56 s.
Published: Brno UK 1976

MARC

LEADER 00000nam a2200000 a 4500
001 vtls001348243
003 SK-MaSNL
005 20260301200800.0
008 240318s1976 xr 0 und
035 |a SNK000301522 
040 |a SNK  |b slo  |c SNK  |e AACR2 
044 |a xr  |c CZ 
100 1 |a Jakubíček, Milan  |4 aut  |9 287907 
245 1 0 |a Bibliographia Mendeliana  |b Supplementum 1970-1974 
260 |a Brno  |b UK  |c 1976 
300 |a 56 s. 
958 |a OND 
999 |c 892015  |d 893945 
952 |t P60, <04>, [BOOK], {604}  |a SNK  |b SNK  |y VYP  |7 0  |p 17A0169818  |o snkIC 66216 D1  |0 0  |1 1  |4 0  |d 1998-11-14  |l 0  |r 2005-01-02 00:00:00  |w 2026-02-24